000 00572nam a22001577a 4500
005 2012051901401.0
020 _a8170187621
_c130.00
035 _aA-680189
037 _aDPL
_bENG
100 _aChandrasekhar, S.
_947459
245 _aGulf crisis, Globalism and stock scam /
_cby S. Chandrasekhar
260 _aDelhi
_bB.R. Publishing Corporation
_c1994
300 _aix, 146p.
_c20 cms.
942 _2ddc
_cEN
_h336.30954
_mCHA
999 _c66905
_d66905